हिन्दी रिपोर्ताज : (Record no. 119350)

MARC details
000 -LEADER
fixed length control field 01412nam a22002897a 4500
003 - CONTROL NUMBER IDENTIFIER
control field dpl
005 - DATE AND TIME OF LATEST TRANSACTION
control field 20190222112939.0
008 - FIXED-LENGTH DATA ELEMENTS--GENERAL INFORMATION
fixed length control field 190222b ||||| |||| 00| 0 eng d
010 ## - LIBRARY OF CONGRESS CONTROL NUMBER
LC control number B-157986
020 ## - INTERNATIONAL STANDARD BOOK NUMBER
Terms of availability 450.00
International Standard Book Number 8188886025
035 ## - SYSTEM CONTROL NUMBER
System control number B-157986, B-151656
037 ## - SOURCE OF ACQUISITION
Source of stock number/acquisition Cen Lib/Ret
040 ## - CATALOGING SOURCE
Original cataloging agency DPL
Language of cataloging HN
Transcribing agency 0
082 ## - DEWEY DECIMAL CLASSIFICATION NUMBER
Classification number 820.8
Item number अलीमु
100 ## - MAIN ENTRY--PERSONAL NAME
Personal name अली मुहम्मद
9 (RLIN) 43761
245 ## - TITLE STATEMENT
Title हिन्दी रिपोर्ताज :
Statement of responsibility, etc अली मुहम्मद
Remainder of title परम्परा और मूल्यांकन /
246 ## - VARYING FORM OF TITLE
Title proper/short title Hindi reportaz aur mulyankan /
Remainder of title by Ali Muhammad
260 ## - PUBLICATION, DISTRIBUTION, ETC. (IMPRINT)
Place of publication, distribution, etc नयी दिल्ली
Name of publisher, distributor, etc फास्ट एडिशन
Date of publication, distribution, etc 2004
270 ## - ADDRESS
Address 67, LGF कैलाश हिल्स
City नयी दिल्ली
Postal code 110065
300 ## - PHYSICAL DESCRIPTION
Extent vii, 258पृ.
Dimensions 21सेमी (सजिल्द)
Other physical details
500 ## - GENERAL NOTE
General note सन्दर्भ सूची शामिल और परिशिष्ट शामिल
650 ## - SUBJECT ADDED ENTRY--TOPICAL TERM
Topical term or geographic name as entry element स्वतंत्र साहित्य विद्या--रिपोर्ताज
9 (RLIN) 84477
650 ## - SUBJECT ADDED ENTRY--TOPICAL TERM
Topical term or geographic name as entry element रिपोर्ताज--साहित्यिक मूल्यांकन
9 (RLIN) 83212
650 ## - SUBJECT ADDED ENTRY--TOPICAL TERM
Topical term or geographic name as entry element Independent literature lore--Reportage
9 (RLIN) 84478
650 ## - SUBJECT ADDED ENTRY--TOPICAL TERM
Topical term or geographic name as entry element Reportage--Literary evaluation
9 (RLIN) 84479
942 ## - ADDED ENTRY ELEMENTS (KOHA)
Source of classification or shelving scheme Dewey Decimal Classification
Koha item type Hindi Books
Classification part 820.8
Call number suffix अलीमु
Holdings
Withdrawn status Lost status Damaged status Not for loan Home library Current library Date acquired Source of acquisition Cost, normal purchase price Total Checkouts Full call number Barcode Date last seen Copy number Cost, replacement price Price effective from Koha item type Source of classification or shelving scheme Collection code
        Central Library Central Library 16/09/2015 Cen Lib/Ret 450.00   820.8 अलीमु B-157986 16/09/2015 1 450.00 16/09/2015 Hindi Books    
        Central Library Central Library 24/04/2019   450.00   820.8 अलीमु B-151655 24/04/2019   450.00 24/04/2019 Hindi Books Dewey Decimal Classification Non-fiction
        Shahdara Branch Shahdara Branch 22/02/2019 BPPD/PUB 450.00   820.8 अलीमु B-151656 22/02/2019   450.00 22/02/2019 Hindi Books Dewey Decimal Classification Non-fiction

© Delhi Public Library
Hit Counter
free hit counter